<?xml version="1.0" encoding="UTF-8"?>
<marc:record xmlns:marc="http://www.loc.gov/MARC21/slim">
   <marc:leader>00000nam a2200000 a 4500</marc:leader>
   <marc:datafield ind1="1" ind2=" " tag="100">
      <marc:subfield code="a">Hammesfahr, Petra</marc:subfield>
      <marc:subfield code="4">aut</marc:subfield>
      <marc:subfield code="e">Verfasser/-in</marc:subfield>
   </marc:datafield>
   <marc:datafield ind1="1" ind2=" " tag="100">
      <marc:subfield code="a">Lemnitz, Regina</marc:subfield>
   </marc:datafield>
   <marc:datafield ind1="0" ind2="0" tag="245">
      <marc:subfield code="a">Fremdes Leben</marc:subfield>
   </marc:datafield>
   <marc:datafield ind1="0" ind2="0" tag="245">
      <marc:subfield code="c">Petra Hammesfahr</marc:subfield>
   </marc:datafield>
   <marc:datafield ind1=" " ind2="1" tag="264">
      <marc:subfield code="a">München</marc:subfield>
      <marc:subfield code="b">Random  House audio</marc:subfield>
      <marc:subfield code="c">2018</marc:subfield>
   </marc:datafield>
   <marc:datafield ind1="1" ind2=" " tag="520">
      <marc:subfield code="a">"Mach sie tot, mach sie tot!" Mit diesen Worten im Kopf erwacht eine Frau auf der Intensivstation. Doch wer hat das gesagt? War sie gemeint? Wer ist sie überhaupt? Fast zwei Jahre soll sie im Koma gelegen sein, doch sie weiß nichts mehr. Den Mann, der sie mit Claudia anspricht und sich als ihr Ehemann Carsten Beermann vorstellt, kennt sie nicht. Auch der erwachsene Sohn, der von seiner leidvollen Kindheit erzählt, ist ihr fremd. Erst als sie sich an einen kleinen Jungen erinnert, der in einer brennenden Wohnung nach seiner Mutter ruft, keimt in ihr ein entsetzlicher Verdacht...</marc:subfield>
   </marc:datafield>
   <marc:datafield ind1=" " ind2=" " tag="020">
      <marc:subfield code="a">B01C5ZKY6M</marc:subfield>
      <marc:subfield code="9">B01C5ZKY6M</marc:subfield>
   </marc:datafield>
   <marc:datafield ind1="0" ind2=" " tag="490">
      <marc:subfield code="v">0</marc:subfield>
   </marc:datafield>
   <marc:datafield ind1=" " ind2=" " tag="300">
      <marc:subfield code="a">6 Cd´s, 7 Std. 21 min.</marc:subfield>
   </marc:datafield>
</marc:record>
